<?xml version="1.0" encoding="UTF-8"?>
<marc:record xmlns:marc="http://www.loc.gov/MARC21/slim">
   <marc:leader>00000nam a2200000 a 4500</marc:leader>
   <marc:datafield ind1="1" ind2=" " tag="100">
      <marc:subfield code="a">Duve, Karen</marc:subfield>
      <marc:subfield code="4">aut</marc:subfield>
      <marc:subfield code="e">Verfasser/-in</marc:subfield>
   </marc:datafield>
   <marc:datafield ind1=" " ind2=" " tag="653">
      <marc:subfield code="a">Dichterin</marc:subfield>
   </marc:datafield>
   <marc:datafield ind1=" " ind2=" " tag="653">
      <marc:subfield code="a">Lebensgeschichte</marc:subfield>
   </marc:datafield>
   <marc:datafield ind1=" " ind2=" " tag="653">
      <marc:subfield code="a">Annette von Droste-Hülshoff</marc:subfield>
   </marc:datafield>
   <marc:datafield ind1="0" ind2="0" tag="245">
      <marc:subfield code="a">Fräulein Nettes kurzer Sommer</marc:subfield>
   </marc:datafield>
   <marc:datafield ind1="0" ind2="0" tag="245">
      <marc:subfield code="c">Duve, Karen</marc:subfield>
   </marc:datafield>
   <marc:datafield ind1=" " ind2="1" tag="264">
      <marc:subfield code="a">Köln</marc:subfield>
      <marc:subfield code="b">Galiani Berlin</marc:subfield>
      <marc:subfield code="c">2018</marc:subfield>
   </marc:datafield>
   <marc:datafield ind1=" " ind2=" " tag="250">
      <marc:subfield code="a">1. Auflage</marc:subfield>
   </marc:datafield>
   <marc:datafield ind1="1" ind2=" " tag="520">
      <marc:subfield code="a">Eine junge Dichterin, die sich nicht anpassen kann. Eine Welt im Umbruch. Und eine fatale Verstrickung der Gefühle. Fräulein Nette ist eine Nervensäge! Dreiundzwanzig Jahre alt, heftig, störrisch und vorlaut, ist sie das schwarze Schaf, das nicht in die Herde ihrer adligen Verwandten passen will. Das Schlimmste ist ihre scharfe Zunge. Wenn die Künstlerfreunde ihres Onkels August nach Bökerhof kommen, über Kunst und Politik sprechen, mischt sie sich ungefragt ein. Wilhelm Grimm bekommt bereits Panik, wenn er sie nur sieht. Ein Enfant terrible ist sie, wohl aber nicht für alle. Heinrich Straube, genialischer Mittelpunkt der Göttinger Poetengilde, fühlt sich jedenfalls sehr hingezogen zu der Nichte seines besten Freundes. Allerdings ist er nicht der einzige. Was folgt ist eine Liebeskatastrophe mit familiärem Flächenbrand.</marc:subfield>
   </marc:datafield>
   <marc:datafield ind1=" " ind2=" " tag="020">
      <marc:subfield code="a">9783869711386</marc:subfield>
      <marc:subfield code="9">9783869711386</marc:subfield>
   </marc:datafield>
   <marc:datafield ind1=" " ind2=" " tag="020">
      <marc:subfield code="a">3869711388</marc:subfield>
      <marc:subfield code="9">3869711388</marc:subfield>
   </marc:datafield>
   <marc:datafield ind1=" " ind2=" " tag="041">
      <marc:subfield code="a">ger</marc:subfield>
   </marc:datafield>
   <marc:datafield ind1=" " ind2=" " tag="300">
      <marc:subfield code="a">580 Seiten</marc:subfield>
   </marc:datafield>
</marc:record>
